01616cam a2200349 i 4500003000900000005001700009007000300026008004100029040003000070041000800100082002200108100005000130245013800180264004500318300002700363336002700390337003400417338002800451490005900479500007100538500006800609590002700677600006300704650003300767650004000800700002800840910004800868942001400916952015700930952016201087999001701249DO-SdBNP20241216094826.0ta751003s2016 gt 000 p spa d aDO-SdBNPbspacBNPHUerda aspa 4aG861.4bN841p2221 aLeiva, Raúl,d1916-19759166154aut.eautor10aPoesía de Raúl Leiva :bantología / edición conmemorativa del primer centenario de su nacimiento cantólogo Enrique Noriega 4aGuatemala :bEditorial Cultura, c©2016 a93 páginas ;c21 cm. atextobtxt2rdacontent asin mediación bn2rdamedia avolumenbnc2rdacarrier aColección Poesía. aSerie Rafael Landívar ;v106 aIncluye datos biográficos del autor en la solapa de la cubierta  aEdición conmemorativa del primer centenario de su nacimiento  aInventariado, 2023/ YL10a Leiva, Raúld1916-984490xCrítica e interpretación 0aPoesía guatemalteca914068 0aLiteratura guatemalteca953932LEMB1 aNoriega, Enrique975442 aYlockward /Validado. Control de calidad MFF 2ddccLBS1 00102ddc56708GRaBNPHUbBNPHUcHDd2018-04-19eBiblioteca Nacional de Guatemala l0oBNPHU GR G861.4 N841p p2023-6992r2023-10-17w2023-10-17yLBS1 00102ddc56708GRaBNPHUbBNPHUcHDd2018-04-19eBiblioteca Nacional de Guatemala l0oBNPHU GR G861.4 N841pp2023-6993r2023-10-17te. 2w2023-10-17yLBS1 c55180d55180